Economic Mineral Deposits (Record no. 60714)
[ view plain ]
| 000 -LEADER | |
|---|---|
| fixed length control field | 00505nam a22001937a 4500 |
| 005 - DATE & TIME | |
| control field | 20260423154834.0 |
| 008 - FIXED-LENGTH DATA ELEMENTS--GENERAL INFORMATION | |
| fixed length control field | 260423b |||||||| |||| 00| 0 eng d |
| 020 ## - ISBN | |
| International Standard Book Number | 9788186272008 |
| Price | 1795.00 |
| 040 ## - CATALOGING SOURCE | |
| Original cataloging agency | Doon University |
| 041 ## - Language | |
| Language | English |
| 082 ## - DDC NUMBER | |
| Classification number | 553 |
| Book Number | JEN |
| 100 ## - MAIN ENTRY--PERSONAL NAME | |
| Personal name | Jensen, Mead L. |
| 245 ## - TITLE STATEMENT | |
| Title | Economic Mineral Deposits |
| 260 ## - PUBLICATION, DISTRIBUTION, ETC. (IMPRINT) | |
| Place of publication, distribution, etc | Hyderabad |
| Name of publisher, distributor, etc | Book Selection Centre |
| Date of publication, distribution, etc | 2013 |
| 300 ## - PHYSICAL DESCRIPTION | |
| Pages | 593 |
| 650 ## - Subject | |
| Subject | Geology (PM USHA) |
| 700 ## - Added Entry Personal Name | |
| Added Entry Personal Name | Bateman, Alan M. |
| 942 ## - ADDED ENTRY ELEMENTS (KOHA) | |
| Koha item type | Books |
| 100 ## - MAIN ENTRY--PERSONAL NAME | |
| -- | 26721 |
| 650 ## - Subject | |
| -- | 26712 |
| 700 ## - Added Entry Personal Name | |
| -- | 26722 |
| 952 ## - LOCATION AND ITEM INFORMATION (KOHA) | |
| -- | 2026-04-23 |
| 952 ## - LOCATION AND ITEM INFORMATION (KOHA) | |
| -- | 2026-04-23 |
| 952 ## - LOCATION AND ITEM INFORMATION (KOHA) | |
| -- | 2026-04-23 |
| Withdrawn status | Lost status | Source of classification or shelving scheme | Damaged status | Not for loan | Location (home branch) | Sublocation or collection (holding branch) | Date acquired | Koha issues (times borrowed) | Koha full call number | Accession No. | Koha date last seen | Koha item type |
|---|---|---|---|---|---|---|---|---|---|---|---|---|
| Doon University | Doon University | 23.04.2026 | 553 JEN | 32947 | 23.04.2026 | Books | ||||||
| Doon University | Doon University | 23.04.2026 | 553 JEN | 32948 | 23.04.2026 | Books | ||||||
| Doon University | Doon University | 23.04.2026 | 553 JEN | 32949 | 23.04.2026 | Books |